000 00686nam a2200217 a 4500
008 951123s1983||||[C 0 slo c
020 _c22 Kčs.
_q(800 výtl.)
040 _aSNK
_bslo
_cSNK
_eAACR2
041 1 _aslo
_hslo
044 _axo
_cSK
080 _a7.01
100 1 _aBrožík, Vladimír
_4aut
245 1 0 _aBudúcnosť umenia
_cVladimír Brožík ; Jozef Gális
250 _a1., vyd.
260 _aBratislava
_bTatran
_c1983
_eLiptovský Mikuláš
_fTlačiarne SNP
300 _a211 s., 10,79 AH
_c21 cm
490 0 _aOkno
_vZv. 43.
500 _aLit. 137. Res. rus. a nem. Men. reg. 137 zázn. v slov., češ., nem. a angl.
700 1 _aGális, Jozef
_4bkd
958 _aA
999 _c14871
_d14871